000
00324nam a2200145Ia 4500
008
230312s9999||||xx |||||||||||||| ||und||
020
_a
0-912912-01-4
082
_a
616.1207
_b
DUB-R
100
_a
Dubin;Dale
245
0
_a
Rapid Interpretation
260
_a
USA
_c
1970
300
_a
307
650
_a
Management
942
_c
BK
999
_c
4592
_d
4592